Hysteria - Muse [lyrics] - Statistics

General Stats
  • This quiz has been taken 92 times
  • The average score is 86 of 113
Answer Stats
Answer % Correct
I
100%
me
96%
And
95%
and
95%
now
95%
you
93%
it
91%
want
91%
your
89%
heart
88%
I'm
88%
in
88%
soul
88%
Give
86%
out
82%
breaking
79%
It's
79%
it's
79%
to
77%
To
77%
control
71%
lose
71%
twisting
66%
'Cause
64%
inside
64%
bugging
61%
endlessly
61%
Escaping
61%
my
61%
Yeah
61%
Caving
57%
down
55%
around
54%
feel
52%
turning
52%
be
48%
alive
43%
chance
43%
not
41%
Last
39%
within
39%
Feeling
38%
forcing
38%
strive
38%
dreaming
36%
Cold
34%
erode
34%
faith
34%
Grating
34%
implode
34%
Morphing
30%
holding
21%
No matching quizzes found
Score Distribution
Percent of People with Each Score
Percentile by Number Answered
Your Score History
You have not taken this quiz